Corporate Life Cycle Identification: A Model Based on Relationship Between Return on Equity And Cost of Equity
Vytvorenie inovatívneho modelu identifikujúceho fázy životného cyklu spoločnosti pri použití dvoch premenných: miery hospodárskeho zisku a podielu operačného a finančného rizika. Model je overený pomocou údajov vybranej spoločnosti. Určenie fáz životného cyklu spoločnosti by malo zjednodušiť riziko...
Saved in:
| Main Author: | |
|---|---|
| Other Authors: | |
| Format: | Book Chapter |
| Language: | English |
| Subjects: | |
| Tags: |
No Tags, Be the first to tag this record!
|
MARC
| LEADER | 00000nla a2200000 4500 | ||
|---|---|---|---|
| 001 | 0242883 | ||
| 005 | 20240417075138.3 | ||
| 041 | 0 | |a eng | |
| 044 | |a CZ | ||
| 245 | 1 | 0 | |a Corporate Life Cycle Identification: A Model Based on Relationship Between Return on Equity And Cost of Equity |c Zdeněk Konečný, Marek Zinecker |
| 520 | |a Vytvorenie inovatívneho modelu identifikujúceho fázy životného cyklu spoločnosti pri použití dvoch premenných: miery hospodárskeho zisku a podielu operačného a finančného rizika. Model je overený pomocou údajov vybranej spoločnosti. Určenie fáz životného cyklu spoločnosti by malo zjednodušiť riziko manažmentu a následne zvýšiť prístup ku kapitálu. | ||
| 610 | 2 | 0 | |a cykly výrobné |
| 610 | 2 | 0 | |a podnik |
| 610 | 2 | 0 | |a kapitál |
| 610 | 2 | 0 | |a kapitál podnikový |
| 610 | 2 | 0 | |a riziko finančné |
| 610 | 2 | 0 | |a riziko operačné |
| 610 | 2 | 0 | |a zisk |
| 610 | 2 | 0 | |a zisk kapitálový |
| 610 | 2 | 0 | |a zisk obchodný |
| 100 | 1 | |a Konečný, Zdeněk | |
| 700 | 1 | |a Zinecker, Marek | |